[Event "CO-Remote email"]
[Site "Remote email"]
[Date "2013.02.10"]
[Round "?.2"]
[White "Lennartz, Manfred"]
[Black "Sudnitsyn, Andrey Vitalievich"]
[Result "1/2-1/2"]
[WhiteElo "2430"]
[BlackElo "2409"]
[PlyCount "61"]
[EventDate "2013.??.??"]
[EventType "team-match (corr)"]
[EventRounds "2"]
[EventCountry "GER"]
[SourceTitle "Corr 2015"]
[Source "ChessBase"]
[SourceDate "2015.07.17"]
[SourceVersion "1"]
[SourceVersionDate "2015.07.17"]
[SourceQuality "1"]
[WhiteTeam "Remote"]
[BlackTeam "ChessOnline"]

1. e4 c5 2. Nf3 Nc6 3. d4 cxd4 4. Nxd4 Nf6 5. Nc3 e5 6. Ndb5 d6 7. Bg5 a6 8. Na3 b5 9. Nd5 Be7 10. Bxf6 Bxf6 11. c4 b4 12. Nc2 a5 13. Be2 0-0 14. 0-0 Bg5 15. Qd3 Be6 16. Rad1 g6 17. b3 Bh6 18. Qg3 Bg7 19. Rfe1 h5 20. Bf1 Ne7 21. a3 Nxd5 22. cxd5 Bg4 23. Ra1 Qc7 24. Qd3 f5 25. axb4 fxe4 26. Rxe4 Bf5 27. Rc4 Bxd3 28. Rxc7 e4 29. Rd1 Bxc2 30. Rxc2 axb4 31. Rc4 1/2-1/2

[Event "Remote-SM email"]
[Site "Remote email"]
[Date "2013.02.10"]
[Round "?.2"]
[White "Michael, Dennis"]
[Black "Lennartz, Manfred"]
[Result "1/2-1/2"]
[WhiteElo "2399"]
[BlackElo "2430"]
[PlyCount "70"]
[EventDate "2013.??.??"]
[EventType "team-match (corr)"]
[EventRounds "2"]
[EventCountry "GER"]
[SourceTitle "Corr 2015"]
[Source "ChessBase"]
[SourceDate "2015.07.17"]
[SourceVersion "1"]
[SourceVersionDate "2015.07.17"]
[SourceQuality "1"]
[WhiteTeam "SchemingMind"]
[BlackTeam "Remote"]

1. d4 Nf6 2. c4 e6 3. Nf3 c6 4. Nc3 d5 5. e3 Nbd7 6. Qc2 Bd6 7. Bd3 dxc4 8. Bxc4 b5 9. Bd3 Bb7 10. 0-0 0-0 11. a3 h6 12. e4 e5 13. h3 Re8 14. Be3 Qc7 15. dxe5 Nxe5 16. Nxe5 Bxe5 17. a4 a6 18. f4 Bxc3 19. bxc3 c5 20. e5 Nd5 21. Rfe1 c4 22. Bh7+ Kh8 23. Be4 Red8 24. axb5 axb5 25. Rxa8 Bxa8 26. Bf2 Nxf4 27. Bxa8 Nd3 28. Ra1 Qxe5 29. Bf3 b4 30. Rf1 b3 31. Qd2 Qa5 32. Bh4 Re8 33. Kh1 Kg8 34. Bg3 Re7 35. Rb1 f5 1/2-1/2